02006nam a2200205 a 4500008004100000020001800041092001700059100003100076245003300107250004900140260003600189300002200225500007100247505117300318590005001491655001701541942001301558999001501571952021401586161215t2007 ag ||||g |||| 00| h spa d a9789871093571 c812l78sSHA1 aShakespeare, William93269 aOtelo /cWilliam Shakespeare a1a ed. 2a reimp.bTraducción Sergio Albano aBuenos Aires:bGradifco;c2007. a125 p.c19x12 cm. aShakespeare, W. (2007). Otelo. (1a ed.). Buenos Aires : Gráfico. aEn esta monumental obra de Shakespeare, vuelve a plantearse el problema del amor y sus terribles desenlaces, como lo ha sido en Troilo y Cresida, Antonio y Cleopatra, y Romeo y Julieta. La tragedia de Otelo responde al precepto aristotélico del "reconocimiento" y cambio de fortuna que debe existir en toda tragedia para orientar su desenlace. Sin embargo, puede decirse que esto último constituye una de los pocos acatamientos de Shakespeare a los cánones y modelos del teatro clásico, ya que el autor de Otelo ha sido un verdadero revolucionario. El drama de Otelo es el drama de la manipulación, el servilismo, la confabulación, la mentira. Yago, valiéndose de la confianza de Otelo que bien supo ganar, teje una trama amorosa que hará aparecer a Desdémona como culpable de traición. Los hechos se despliegan luego en torno a esta estrategia urdida por Yago de la cual terminará siendo su victima. La mentira e cobrará numerosas vidas hasta el momento que ésta es develada. Un pañuelo se transforma en la pieza clave que permitirá pesquisar el origen de la mentira urdida por Yago pero, una vez descubierta, será ya demasiado tarde.  aProyecto 4to libro. Donación Camila Ledesma aTeatro93268 2ddccLIT c2434d2434 00102ddc4070aBFMbBFMcCRd2017-09-01eDonación Camila Ledesma, Agosto 2017l2o812 84 SHAp3895r2018-06-26s2018-06-18tEj.1w2017-09-01yLITzProyecto 4to Libro. Donación Camila Ledesma, Agosto 2017